Datum a čas kvízu

39.5 Celkem bodů Celkový počet nahraných bodů na tomto kvízu bez doplňovacích otázek.
4. Pořadí na kvízu Konečné umístění týmu na tomto kvízu.

Zaznamenané odpovědi

# Otázka Odpověď Body Výsledky
1. Ve středu jsme si prostřednict... B) beze spěchu 1
2. Americká novinářská asociace v... Air Force One 0
3. V pátek se v plzeňském DEPO20... (Hudební cena) Žebřík 1
4. Minulý týden jsme se dozvěděli... Portál občana 1
5. Ve středu odstartoval ve Spoje... bronzové medaile 1
6. Nobelovu cenu za objev krevníc... Jan Janský 1
7. Ve kterém orgánu lidského těla... ve slezině 0
8. Vyberte nepravdivé tvrzení: B 1
9. Hemofilie je geneticky podmíně... Alexej; chromozom X 0.5
10. Někteří bezobratlí živočichové... hemolymfa; krvomíza 0.5